La resistencia a la teoría /

Se ha dicho de Paul de Man que enseñó a leer a toda una generación de estudiosos. Continuador de la tradición continental europea en que se formó, pero deudor asimismo de las exigencias anglosajonas de lectura atenta, fue, ante todo, un crítico ejemplar. Su cuestionamiento de casi todas las nociones...

Full description

Bibliographic Details
Main Author: De Man, Paul
Format: Libro
Language:Spanish
Published: Madrid Visor 1990
Series:Literatura y debate crítico 4
Subjects:
Online Access:

MARC

LEADER 00000cam a2200000 a 4500
001 020509
003 UAHC_CL
005 20170803121904.0
008 080605s1990 sp 000 spa
020 |a 8477747040 
040 |a UAHC_CL  |c UAHC_CL  |d UAHC_CL 
082 0 4 |a 801.95  |b D278  |2 21 
100 1 |a De Man, Paul 
245 1 3 |a La resistencia a la teoría /  |c Paul de Man ; [edición de Wlad Godzich ; traducción de Elena Elorriaga Y Oriol Francés]. 
260 |b Visor  |a Madrid  |c 1990 
300 |a 198 p. 
490 0 |a Literatura y debate crítico  |v 4 
520 |a Se ha dicho de Paul de Man que enseñó a leer a toda una generación de estudiosos. Continuador de la tradición continental europea en que se formó, pero deudor asimismo de las exigencias anglosajonas de lectura atenta, fue, ante todo, un crítico ejemplar. Su cuestionamiento de casi todas las nociones básicas de la teoría literaria y su «defensa de la poesía» deben su extraordinario vigor tanto a la amplitud de su cultura como a lo riguroso de su actividad lectora, rasgos ambos difícilmente transmisibles al común de los epígonos. 
521 |a Teoría literaria 
521 |a Lenguaje y comunicación II 
650 4 |a CRITICA LITERARIA 
650 4 |a FILOSOFIA DE LA LITERATURA 
653 |a PEDAGOGIA EN LENGUA CASTELLANA Y COMUNICACION 
900 |a 801.95 DEM 
942 |c BK 
952 |0 0  |1 0  |4 0  |6 801_950000000000000_DEM  |7 0  |8 General  |9 41114  |a BC  |b BC  |c General  |d 2017-08-03  |o 801.95 DEM  |p 1363718  |r 2026-01-13 00:00:00  |t 1  |w 2017-08-03  |y BK 
952 |0 0  |1 0  |4 0  |6 801_950000000000000_DEM  |7 0  |8 General  |9 41115  |a BC  |b BC  |c General  |d 2017-08-03  |l 1  |m 2  |o 801.95 DEM  |p 1363717  |r 2026-01-13 00:00:00  |s 2022-07-21  |t 2  |w 2017-08-03  |y BK 
999 |c 20509  |d 20509